LEADER 01219nam2-2200385li-450 001 990000108370203316 005 20180312154759.0 010 $a0-486-64038-8 035 $a0010837 035 $aUSA010010837 035 $a(ALEPH)000010837USA01 035 $a0010837 100 $a20001109d1980----km-y0itay0103----ba 101 0 $aeng 102 $aUS 200 1 $aElectrodynamics and classical theory of fields & particles$fA. O. Barut 210 $aNew York$cDover Publications$dcopyr. 1980 215 $aXV, 235 p.$cill.$d21 cm 225 2 $aDover books on physics and chemistry$v0 410 0$10010010838$12001$aDover books on physics and chemistry 610 1 $aelettrodinamica 610 1 $ateoria dei campi 676 $a5376$9. 700 1$aBarut,$bAsim Orhan$044679 801 $aSistema bibliotecario di Ateneo dell' Università di Salerno$gRICA 912 $a990000108370203316 951 $a537.6 BAR (A)$b0013039 959 $aBK 969 $aSCI 979 $c19910919 979 $c20001110$lUSA01$h1711 979 $c20020403$lUSA01$h1618 979 $aPATRY$b90$c20040406$lUSA01$h1608 996 $aElectrodynamics and classical theory of fields & particles$91487667 997 $aUNISA LEADER 01917nam 2200589 a 450 001 9910789416903321 005 20230721014304.0 010 $a1-283-26058-1 010 $a9786613260581 010 $a1-59947-362-3 035 $a(CKB)2670000000095472 035 $a(OCoLC)733061729 035 $a(CaPaEBR)ebrary10481038 035 $a(SSID)ssj0000521110 035 $a(PQKBManifestationID)12179690 035 $a(PQKBTitleCode)TC0000521110 035 $a(PQKBWorkID)10517154 035 $a(PQKB)11148674 035 $a(MiAaPQ)EBC716551 035 $a(MiAaPQ)EBC6232948 035 $a(Au-PeEL)EBL716551 035 $a(CaPaEBR)ebr10481038 035 $a(CaONFJC)MIL326058 035 $a(OCoLC)731646859 035 $a(MiAaPQ)EBC30753296 035 $a(Au-PeEL)EBL30753296 035 $a(EXLCZ)992670000000095472 100 $a20090313d2009 uy 0 101 0 $aeng 135 $aurcn||||||||| 181 $ctxt 182 $cc 183 $acr 200 10$aBeing generous$b[electronic resource] /$fTheodore Roosevelt Malloch 205 $a1st ed. 210 $aWest Conshohocken, Pa. $cTempleton Press$dc2009 215 $a1 online resource (176 p.) 300 $aBibliographic Level Mode of Issuance: Monograph 311 $a1-59947-316-X 320 $aIncludes bibliographical references. 327 $aGenerosity : a universal moral urge -- Charity and gift -- Stewardship spirituality -- Time, treasure, and talent -- Generosity and economics -- Generosity and science -- Responsible generosity -- A generous society -- Generosity and purpose in life -- Final thougths. 606 $aGenerosity 615 0$aGenerosity. 676 $a177.7 700 $aMalloch$b Theodore R$0124384 801 0$bMiAaPQ 801 1$bMiAaPQ 801 2$bMiAaPQ 906 $aBOOK 912 $a9910789416903321 996 $aBeing generous$93852006 997 $aUNINA LEADER 02009oam 2200589 a 450 001 9910830813703321 005 20230829003018.0 010 $a0-470-29756-5 010 $a0-470-16804-8 010 $a1-60119-838-8 035 $a(CKB)1000000000376894 035 $a(MH)010268121-X 035 $a(SSID)ssj0000071762 035 $a(PQKBManifestationID)11111760 035 $a(PQKBTitleCode)TC0000071762 035 $a(PQKBWorkID)10090432 035 $a(PQKB)10896789 035 $a(EXLCZ)991000000000376894 100 $a20060404d2007 uy 0 101 0 $aeng 181 $ctxt 182 $cc 183 $acr 200 10$aEarthquake engineering $eapplication to design /$fCharles K. Erdey$b[electronic resource] 210 $aHoboken, N.J. $cJohn Wiley & Sons$dc2007 215 $a1 online resource (xvii, 428 p. )$cill. ; 300 $aBibliographic Level Mode of Issuance: Monograph 311 $a0-470-04843-3 320 $aIncludes bibliographical references and index. 606 $aEarthquake engineering 606 $aEarthquake engineering 606 $aCivil & Environmental Engineering$2HILCC 606 $aEngineering & Applied Sciences$2HILCC 606 $aCivil Engineering$2HILCC 615 0$aEarthquake engineering. 615 0$aEarthquake engineering 615 7$aCivil & Environmental Engineering 615 7$aEngineering & Applied Sciences 615 7$aCivil Engineering 676 $a624.1/762 700 $aErdey$b Charles K.$f1931-$01611955 801 0$bDLC 801 1$bDLC 801 2$bBAKER 801 2$bBTCTA 801 2$bC#P 801 2$bYDXCP 906 $aBOOK 912 $a9910830813703321 996 $aEarthquake engineering$93940457 997 $aUNINA 999 $aThis Record contains information from the Harvard Library Bibliographic Dataset, which is provided by the Harvard Library under its Bibliographic Dataset Use Terms and includes data made available by, among others the Library of Congress